000 01722nam0a22003371 4500
001 v19\rc\1846639
005 20260407070320.0
035 _a(NLR Aleph) 004985975
090 _a6234795
_c6234795
100 _a20080221d1909 |||y0rusy50 ca
101 1 _arus
_cfre
102 _aRU
105 _aa z |||||
200 1 _aХиромантия
_e(Тайны руки)
_eПолн. руководство к определению типа, характера, наклонностей человека в его прошедшем, настоящем и будущем
_eПер. с послед. фр. изд.
_fСоч. фр. известнейш. писателя, проф. мат.-астрон. и астрол. наук,... д-ра мед. и физики Папюса
_gС объясн. знаменитого хироманта Дебаролль
205 _a[6-е изд., доп.]
210 _aМосква
_cтип. "Рус. труд"
_d1909
215 _a162 с.
_cил.
300 _aАвт. установлен по кат. РНБ
316 _aЭкз. РНБ (38.25.8.80): 2-й экз. деф.: отсутствует обл.
_5NLR: 38.25.8.80
517 0 _aТайны руки
700 0 _4070
_8rus
_7ca
_aПапюс
_cпсевдоним
_f1865-1916
_3RU\NLR\AUTH\770139250
_9139215
702 1 _4212
_8rus
_7ca
_aДебарроль
_bА.
_f1861-1886
_gАдольф
_3RU\NLR\AUTH\7710982
_9120741
790 0 _4070
_8rus
_7ca
_aПапюс
_cпсевдоним
_f1865-1916
_3RU\NLR\AUTH\770139250
_9139215
801 0 _aRU
_bNLR
_gpsbo
801 0 _aRU
_bRuMoRGB
_2psbo
801 1 _aRU
_bProSoft-M
_2rusmarc
852 _aNLR
_j38.25.8.80
852 _aNLR
_bМф
_jК1/17623
942 _cBOOK
980 _aNB